| 000 | 006680000a22002290004500 | ||
|---|---|---|---|
| 090 |
_aAR _b03167 |
||
| 245 | 1 | 0 | _aBarniz de pasto |
| 650 | 1 | 4 |
_aVegetación _992799 |
| 650 | 1 | 4 |
_aBotánica _9361 |
| 650 | 1 | 4 |
_aTaxonomía vegetal _992262 |
| 650 | 1 | 4 |
_aMorfología vegetal _918295 |
| 650 | 1 | 4 |
_aDistribución geográfica _992997 |
| 650 | 1 | 4 |
_aPlantas útiles _992936 |
| 650 | 1 | 4 |
_aArtesanías _992613 |
| 650 | 1 | 4 |
_aPracticas culturales _957422 |
| 651 | 4 |
_mPasto _dNariño _pColombia _992749 |
|
| 653 |
_gElaeagia _eElaeagia utilis |
||
| 041 | 0 | _aEspañol | |
| 100 | 1 |
_aMora Osejo, Luis Eduardo _912168 |
|
| 942 | _cARTICULO | ||
| 773 | 1 |
_tCaldasia _345 _h55 _q5-31 _d1977 _g11 |
|
| 999 |
_c12222 _d12222 |
||